Texting Acronyms - Statistics

General Stats
  • This quiz has been taken 26 times
  • The average score is 14 of 16
Answer Stats
Acronym Stands for % Correct
IDK I don't know
100%
OMG Oh my god
100%
AKA Also known as
95%
BRB Be right back
95%
BTW By the way
95%
FYI For your information
95%
LOL Laughing out loud
95%
DIY Do it yourself
91%
NP No problem
91%
TBH To be honest
91%
IDC I don't care
86%
BFF Best friend forever
82%
GTG Got to go
82%
IKR I know right
77%
AFK Away from keyboard
59%
OTOH On the other hand
59%
No matching quizzes found
Score Distribution
Percent of People with Each Score
Percentile by Number Answered
Your Score History
You have not taken this quiz